Constitución Política de la República de Colombia, 1886 (Registro nro. 318452)

Detalles MARC
000 -ENCABEZADO
Número de control [NR] 01206nam a2200241Ia 4500
005 - FECHA Y HORA DE LA ÚLTIMA TRANSACCIÓN
control field 20220401091611.0
008 - DE LONGITUD FIJA DE DATOS DE ELEMENTOS - INFORMACIÓN GENERAL
Elementos de longitud fija [NR] 130821s1986 ck h frl f 01 spa
040 ## - FUENTE DE CATALOGACION [NR]
Agencia de catalogación original [NR] CO-BoUCM
Idioma de catalogación [NR] spa
Quien Cataloga Sandra Yazo
Quien Clasifica Sandra Yazo
041 00 - CODIGO DE IDIOMA [R]
Código de idioma para texto/pista de sonido o título separado [R] Español
082 04 - NUMERO DE CLASIFICACION DECIMAL DEWEY [R]
Número de clasificación [R] 342.861
Número de la edición [NR] 20
092 ## - SIGNATURA TOPOGRAFICA LOCAL
Número de clasificación local E50N007
110 1# - ASIENTO PRINCIPAL--NOMBRE CORPORATIVO [NR]
Nombre corporativo o de jurisdicción como elemento de entrada [NR] Colombia
ID de autoridad 30633
245 10 - MENCION DE TITULO [NR]
Título [NR] Constitución Política de la República de Colombia, 1886
Parte restante del título [NR] [Reproducción facsímil de los originales]
260 ## - PUBLICACION, DISTRIBUCION, ETC. (PIE DE IMPRENTA) [R]
Lugar de publicación, distribución, etc. [R] Bogotá (Colombia)
Nombre del editor, distribuidor, etc. [R] El Tiempo ;
-- Seguros Colmena
Fecha de publicación, distribución, etc. [R] 1986
300 ## - DESCRIPCION FISICA [R]
Extensión [R] 36 páginas
Dimensiones [R] 36 x 20 cm.
500 ## - NOTA GENERAL [R]
Nota general [NR] Detalles físicos: Reproducción facsimilar sobre papel periódico. Tapas del mismo material. Hojas impresas, en una sola columna, por ambas caras. Papel oxidado, con dobleces y rasgaduras (especialmente en tapa delantera y primeras hojas). Desgarrado en donde pusieron las grapas para pegar los folios.
505 2# - NOTA DE CONTENIDO CON FORMATO PREESTABLECIDO [R]
Nota de contenido con formato preestablecido [NR] Texto manuscrito (facsimilar) de la Constitución Política de la República de Colombia de 1886
506 ## - NOTA DE RESTRICCIONES DE ACCESO [R]
Condiciones de acceso [NR] Consulta en sala
651 #4 - ASIENTO SECUNDARIO DE MATERIA - NOMBRE GEOGRAFICO [R]
9 (RLIN) 30641
Nombre geográfico [NR] Colombia
Subdivisión general [R] Derecho constitucional
651 #4 - ASIENTO SECUNDARIO DE MATERIA - NOMBRE GEOGRAFICO [R]
Nombre geográfico [NR] Colombia
Subdivisión general [R] Constitución
Subdivisión cronológica [R] 1886
9 (RLIN) 35712
690 ## - ASUNTO AGREGADO LOCAL DE ENTRADA - TÉRMINO TEMÁTICO (OCLC, RLIN)
Acceso temático local Derecho constitucional
9 (RLIN) 12725
942 ## - ELEMENTOS DE ENTRADA AGREGADOS (KOHA)
Tipo de ítem principal el descrito en 300a Libro
Edición 1
Sistema de clasificación LOCAL
Clasificación E50N007
Existencias
Suprimido Perdido Sistema de clasificación Dañado No prestable Tipo de ítem específico Ubicación habitual Ubicación actual Localización Fecha de creación Forma de adquisición Costo Signatura topográfica Código de barras Última vez visto Ejemplar Price effective from Tipo de ítem
    LOCAL     Libro archivo Archivo Histórico Archivo Histórico Archivo histórico 22/01/2021 Donación 0.00 E50N007 L010531 22/01/2021 Ej.1 22/01/2021 Libro